Symbol Cryptogram: Authors Quiz Stats

 Plays Quiz Updated Mar 2, 2018

Challenge
Share
Tweet
Score 0/12 Timer 10:00
0 Plays Today
Cryptogram Author % Correct
✶ ☵ ◁ ☆ ★ ✚AUSTEN
100%
◯ ★ ★LEE
81.3%
◁ ★ ☵ ◁ ◁SEUSS
76.8%
◁ ☆ ▶ ✚ ★STINE
73%
☆ ☷ ✶ ▶ ✚TWAIN
72.6%
◯ ★ ☷ ▶ ◁LEWIS
70.3%
◁ ◓ ✶ ◀ ★ ◁ ☽ ★ ✶ ◑ ★SHAKESPEARE
64.6%
✶ ✚ ☰ ★ ◯ ◎ ☵ANGELOU
64.5%
◁ ◓ ★ ◯ ◯ ★ ◼SHELLEY
63.7%
◑ ◎ ☷ ◯ ▶ ✚ ☰ROWLING
63.5%
☾ ✶ ◓ ◯DAHL
62.5%
☾ ▶ ▷ ◀ ★ ✚ ◁DICKENS
59.7%

You're not logged in!

Compare scores with friends on all Sporcle quizzes.
Join for Free
OR
Log In

You Might Also Like...

Show Comments

Extras

ReportIcon Source: latin-58dd72375f9b5846831...
Tags:Alphabet Quiz, Author Quiz, Letter Quiz, Logic Quiz, Puzzle Quiz, code, cryptogram, symbol, word puzzle

Top Quizzes Today


Score Distribution

Your Account Isn't Verified!

In order to create a playlist on Sporcle, you need to verify the email address you used during registration. Go to your Sporcle Settings to finish the process.

Report this User

Report this user for behavior that violates our Community Guidelines.

Details: